| 000 | 00799nam a2200253 a 4500 | ||
|---|---|---|---|
| 001 | 000039686 | ||
| 003 | DO-SdBNP | ||
| 005 | 20220117135600.0 | ||
| 008 | 130716s1998 dr a 000 0 spa d | ||
| 020 | _a8492311371 | ||
| 040 |
_aDO-SdBNP _bspa _cBPMSU |
||
| 082 |
_a320.7293 _bF363L, 1998 _222 |
||
| 100 |
_aFernández, Leonel, _d1953- |
||
| 245 | 1 | 0 |
_aLeonel : _btemas de campaña / _crecopilación Rafael Núñez. |
| 260 |
_aSanto Domingo : _bAlfa y Omega, _c1998 |
||
| 300 |
_av. : _bils. ; _c22 cm. |
||
| 490 | 0 |
_a[Discursos ] _v2 |
|
| 500 | _aIncluye datos biográficos del autor en la contracubierta | ||
| 590 | _aInventariado, 2022/VM | ||
| 651 | 4 |
_aRepública Dominicana _xPolítica y gobierno _y1961- |
|
| 700 | 1 |
_aNúñez, Rafael _ecomp. |
|
| 910 | _aVMateo V. | ||
| 942 |
_2ddc _cBK |
||
| 999 |
_c13954 _d13954 |
||